Set theory and its logic /

Guardado en:
Autor Principal: Quine, W. V.
Formato: Libro
Idioma:English
Publicado: Cambridge, Mass. : Belknap Press of Harvard University Press, 1963.
Etiquetas: Agregar Etiqueta
Sin Etiquetas, Sea el primero en etiquetar este registro!
LEADER 00595nam a22001695a 4500
001 MAT.inmabb001482
008 031124s1963####mau######b####001#0#eng#d
005 20180611161200.0
245 1 0 |a Set theory and its logic /  |c Willard Van Orman Quine. 
260 |a Cambridge, Mass. :  |b Belknap Press of Harvard University Press,  |c 1963. 
300 |a xv, 359 p. ;  |c 22 cm. 
504 |a Bibliografía: p. [343]-350. 
510 4 |a MR,  |c 43 #37  |3 (para la ed. rev., 1969) 
100 1 |a Quine, W. V.  |q (Willard Van Orman) 
084 |a 03Exx (03E30)  |2 msc2000 
010 |a  63017209  
859 |h 03  |i Q7s  |p A-1798  |b BIB. MATEMATICA